[Event "Malaga op-13"]
[Site "Malaga"]
[Date "2010.02.23"]
[Round "5.30"]
[White "Nieto Asencio, Maria Del Carmen"]
[Black "Cisnero Alvarez, Juan Jose"]
[Result "1/2-1/2"]
[WhiteElo "1900"]
[BlackElo "2110"]
[PlyCount "100"]
[EventDate "2010.02.20"]

1. d4 Nf6 2. Nf3 g6 3. Nc3 d5 4. Bf4 Bg7 5. Qd2 O-O 6. Bh6 Nc6 7. Bxg7 Kxg7 8.
Ne5 Bf5 9. Nxc6 bxc6 10. f3 h5 11. O-O-O Qd6 12. Re1 e5 13. e3 Rfe8 14. Bd3
Bxd3 15. Qxd3 c5 16. dxe5 Qxe5 17. Qb5 Qd6 18. Na4 Nd7 19. Kb1 Rab8 20. Qd3 Ne5
21. Qc3 d4 22. exd4 cxd4 23. Qc5 Qxc5 24. Nxc5 Nc4 25. Nb3 c5 26. Rxe8 Rxe8 27.
Nxc5 Re2 28. Nb3 Rxg2 29. Nxd4 h4 30. h3 Rd2 31. Nc6 a6 32. Kc1 Rd6 33. Nb4 Rf6
34. Rf1 Ne5 35. f4 Nc4 36. b3 Ne3 37. Rf3 Nf5 38. Nd5 Re6 39. Kd2 Ng3 40. Ne3
Ne4+ 41. Kd3 f5 42. c4 Kf7 43. Nd5 Rd6 44. Kc2 Ke6 45. Rd3 Nf2 46. Re3+ Ne4 47.
Re2 Kf7 48. Nc3 Nf6 49. Rd2 Re6 50. Re2 Rd6 {=} 1/2-1/2

[Event "Malaga op-13"]
[Site "Malaga"]
[Date "2010.02.23"]
[Round "5.31"]
[White "James, David"]
[Black "Barroso Campos, Manuel"]
[Result "1-0"]
[WhiteElo "2110"]
[BlackElo "1910"]
[PlyCount "57"]
[EventDate "2010.02.20"]

1. Nf3 Nf6 2. c4 c5 3. Nc3 Nc6 4. d4 cxd4 5. Nxd4 e6 6. g3 Be7 7. Bg2 O-O 8.
O-O a6 9. a3 Qb6 10. Be3 Qc7 11. Rc1 Ng4 12. Nxc6 bxc6 13. Bd2 f5 14. e4 Kh8
15. exf5 exf5 16. Bf4 Qd8 17. Na4 Bg5 18. Qd2 Bxf4 19. Qxf4 h6 20. h3 g5 21.
Qd6 Qf6 22. Rcd1 Qxd6 23. Rxd6 Ne5 24. Nb6 Ra7 25. Rxh6+ Kg7 26. Rd6 f4 27. Re1
Nf7 28. Re7 Re8 29. Rxe8 1-0

[Event "Malaga op-13"]
[Site "Malaga"]
[Date "2010.02.23"]
[Round "5.32"]
[White "Jurado Vazquez, Javier"]
[Black "Medina Menendez, Eduardo Matias"]
[Result "1-0"]
[WhiteElo "1850"]
[BlackElo "2109"]
[PlyCount "62"]
[EventDate "2010.02.20"]

1. e4 e5 2. Nf3 Nf6 3. Nc3 Nc6 4. d4 exd4 5. Nxd4 Bb4 6. Nxc6 bxc6 7. Bd3 d5 8.
exd5 cxd5 9. O-O O-O 10. Bg5 c6 11. Qf3 Be7 12. h3 Rb8 13. b3 Re8 14. Rfe1 h6
15. Bxh6 gxh6 16. Qg3+ Bg4 17. hxg4 Bd6 18. Qh3 Be5 19. Rxe5 Rxe5 20. Qxh6 Qe7
21. Rf1 Re8 22. g5 Ne4 23. Nxe4 dxe4 24. g6 Qf6 25. Bc4 Rd5 26. Qh7+ Kf8 27.
Qxf7+ Qxf7 28. gxf7 Red8 29. Bxd5 cxd5 30. Re1 Kxf7 31. f3 Kf6 1-0

[Event "Malaga op-13"]
[Site "Malaga"]
[Date "2010.02.23"]
[Round "5.33"]
[White "Penalonga Sweers, Angel"]
[Black "Ramos Guaz, Jose Manuel"]
[Result "1/2-1/2"]
[WhiteElo "2082"]
[BlackElo "1873"]
[PlyCount "95"]
[EventDate "2010.02.20"]

1. e4 c5 2. Nc3 Nc6 3. f4 d6 4. Nf3 Bg4 5. Be2 e6 6. O-O Be7 7. d3 Nf6 8. Qe1
Bxf3 9. Bxf3 Nd4 10. Bd1 O-O 11. Ne2 Qb6 12. c3 Nc6 13. c4 Nb4 14. Qg3 Rad8 15.
Nc3 d5 16. e5 Ne8 17. a3 Nc6 18. f5 dxc4 19. f6 Rxd3 20. Bf3 Nxf6 21. exf6 Bxf6
22. Ne4 Bd4+ 23. Kh1 Ne5 24. Qe1 Nxf3 25. Rxf3 Rd8 26. Bg5 f6 27. Rxd3 cxd3 28.
Bd2 Qb3 29. Bc3 Qd5 30. Nd2 e5 31. Qe4 Qxe4 32. Nxe4 Bxc3 33. bxc3 b6 34. Kg1
Kf7 35. Kf2 f5 36. Nd2 Ke6 37. Ke3 g5 38. g3 e4 39. g4 Rd7 40. gxf5+ Kxf5 41.
Nxe4 c4 42. Rf1+ Kg6 43. Rf6+ Kg7 44. Rc6 b5 45. Rc5 a6 46. Rxg5+ Kh6 47. Rg2
Rd8 48. Rf2 {...} 1/2-1/2

[Event "Malaga op-13"]
[Site "Malaga"]
[Date "2010.02.23"]
[Round "5.35"]
[White "Ladron De Guevara Pinto, Miguel"]
[Black "Escofet Llongueras, Joan"]
[Result "0-1"]
[WhiteElo "2020"]
[BlackElo "1868"]
[PlyCount "110"]
[EventDate "2010.02.20"]

1. d4 Nf6 2. Nf3 g6 3. e3 d5 4. Bd3 Bg7 5. b3 c5 6. Bb2 cxd4 7. exd4 O-O 8. O-O
Nc6 9. Nbd2 Bg4 10. h3 Bxf3 11. Nxf3 Rc8 12. a3 Ne4 13. c4 e6 14. Bxe4 dxe4 15.
Ne5 Qd6 16. Nxc6 Qxc6 17. Qe2 Rfd8 18. Rad1 Qb6 19. Qe3 Rc7 20. Rd2 Rcd7 21.
Rfd1 Qc6 22. a4 h5 23. Qc3 a6 24. Qc2 b5 25. cxb5 Qxc2 26. Rxc2 axb5 27. axb5
Rd5 28. Re1 Rxb5 29. Rxe4 Rxb3 30. Kh2 Rd3 31. Rce2 Bxd4 32. Bxd4 R3xd4 33.
Rxd4 Rxd4 34. Ra2 Kg7 35. Rb2 g5 36. Rb5 Kg6 37. Rb2 h4 38. Ra2 f5 39. Rb2 Rd3
40. Rb4 Rd2 41. Kg1 Kh5 42. f3 Kg6 43. Rb6 Kf6 44. Rb8 Ke5 45. Rb4 Rd4 46. Rb2
Kf4 47. Kf2 e5 48. Ra2 e4 49. fxe4 fxe4 50. Ra8 Rd2+ 51. Kf1 Kg3 52. Ra3+ Kh2
53. Re3 Rxg2 54. Rxe4 Kxh3 55. Re3+ Kh2 0-1

[Event "Malaga op-13"]
[Site "Malaga"]
[Date "2010.02.23"]
[Round "5.36"]
[White "Garcia Roman, Jose Luis"]
[Black "Diaz Begonte, Manuel"]
[Result "1-0"]
[WhiteElo "2003"]
[BlackElo "1820"]
[PlyCount "95"]
[EventDate "2010.02.20"]

1. b4 Nf6 2. Bb2 e6 3. a3 a5 4. b5 c6 5. a4 d5 6. e3 Bd6 7. c4 O-O 8. Nf3 Bd7
9. Qc2 h6 10. c5 Be7 11. d4 Ne4 12. Nc3 f5 13. Ne5 Be8 14. Be2 Nd7 15. bxc6
Nxe5 16. cxb7 Rb8 17. dxe5 Nxc5 18. O-O Rxb7 19. Nb5 Qb8 20. Bd4 Na6 21. f4 Nb4
22. Qc3 Bd7 23. Rfc1 Rc8 24. Qd2 Rf8 25. Bc5 Bxc5 26. Rxc5 Rc8 27. Rac1 Rxc5
28. Rxc5 Nc6 29. Qc3 Rb6 30. h4 Qd8 31. g3 g5 32. hxg5 hxg5 33. Qe1 Qe7 34. Nd6
gxf4 35. exf4 Rb2 36. Rb5 Ra2 37. Rb7 Qh7 38. Ne8 Qh3 39. Nf6+ Kh8 40. Rxd7 Ra1
41. Rh7+ Qxh7 42. Qxa1 Qa7+ 43. Kg2 Qe3 44. Qh1+ Kg7 45. Qh7+ Kf8 46. Qh8+ Kf7
47. Bh5+ Ke7 48. Qe8# 1-0

[Event "Malaga op-13"]
[Site "Malaga"]
[Date "2010.02.23"]
[Round "5.38"]
[White "Martin Carmona, Gaston"]
[Black "Marquez Bernal, Florencio"]
[Result "1-0"]
[WhiteElo "1887"]
[BlackElo "2003"]
[PlyCount "115"]
[EventDate "2010.02.20"]

1. e4 c5 2. Nf3 Nc6 3. d4 cxd4 4. Nxd4 Nf6 5. Nc3 d6 6. Be3 Ng4 7. Bb5 Nxe3 8.
Nxc6 Nxd1 9. Nxd8+ Kxd8 10. Rxd1 e6 11. O-O a6 12. Be2 g6 13. f4 Ke7 14. Bf3
Bg7 15. Rd3 Rb8 16. Rfd1 Rd8 17. g4 b5 18. e5 d5 19. f5 Bxe5 20. fxg6 hxg6 21.
Re1 Bxc3 22. Rxc3 Bb7 23. h4 Rbc8 24. Ree3 Rxc3 25. Rxc3 Kd6 26. Rd3 e5 27. Kf2
f5 28. gxf5 gxf5 29. Bh5 f4 30. Bg6 Bc6 31. Ra3 Bb7 32. Rd3 Rc8 33. c3 Ke6 34.
h5 Kf6 35. Kg2 e4 36. Rd4 Bc6 37. Kf2 Ke5 38. Rd1 Be8 39. Rg1 Bd7 40. Rg5+ Kd6
41. h6 Be8 42. Bf5 Bd7 43. Bxd7 Kxd7 44. Rxd5+ Ke6 45. Rd4 Ke5 46. Rd7 Rc6 47.
Rh7 Rg6 48. Rh8 Kf6 49. Rf8+ Ke7 50. h7 Kxf8 51. h8=Q+ Kf7 52. Qh7+ Kf6 53. Qb7
Kf5 54. Qd5+ Kg4 55. Qxe4 Rg5 56. Qg2+ Kf5 57. Qh3+ Ke5 58. Qh6 1-0

[Event "Malaga op-13"]
[Site "Malaga"]
[Date "2010.02.23"]
[Round "5.39"]
[White "Anaya Lopez, Gonzalo Javier"]
[Black "Molina Mataran, Manuel"]
[Result "1-0"]
[WhiteElo "1872"]
[BlackElo "1962"]
[PlyCount "117"]
[EventDate "2010.02.20"]

1. e4 e5 2. Nf3 Nc6 3. d4 exd4 4. Bc4 Be7 5. c3 d3 6. Qxd3 d6 7. O-O Nf6 8.
Nbd2 O-O 9. Nb3 Bg4 10. Bf4 Nh5 11. Bg3 Nxg3 12. hxg3 Bf6 13. Bd5 Rb8 14. Bxc6
bxc6 15. Nfd4 Bd7 16. f4 c5 17. Nf5 c4 18. Qxc4 Bb5 19. Qd5 Bxf1 20. Rxf1 Qc8
21. g4 Qe6 22. Qd3 Rfe8 23. g5 Bd8 24. Re1 f6 25. Nbd4 Qf7 26. b3 fxg5 27. Nc6
Rb6 28. Nxd8 Rxd8 29. Qg3 Qf6 30. fxg5 Qe5 31. Qh4 Rf8 32. g6 h6 33. Rf1 Rbb8
34. Ne7+ Kh8 35. Nf5 Qf6 36. Qh5 Qg5 37. Qxg5 hxg5 38. Rf3 Rf6 39. Rh3+ Kg8 40.
Ne7+ Kf8 41. Nc6 Rxg6 42. Rh8+ Kf7 43. Rxb8 Ke6 44. Nxa7 Kd7 45. a4 Re6 46. Rb7
Kd8 47. Nb5 c6 48. Nd4 Rxe4 49. Nxc6+ Kc8 50. Rxg7 Re3 51. Na7+ Kb8 52. Nb5 d5
53. Rxg5 d4 54. Nxd4 Rxc3 55. Rb5+ Kc8 56. Ne6 Rc6 57. Nc5 Kc7 58. b4 Rf6 59.
a5 1-0

[Event "Malaga op-13"]
[Site "Malaga"]
[Date "2010.02.23"]
[Round "5.40"]
[White "Camacho Dominguez, Florencio Ma"]
[Black "Jurado Vazquez, Jose Carlos"]
[Result "1-0"]
[WhiteElo "1832"]
[BlackElo "1956"]
[PlyCount "145"]
[EventDate "2010.02.20"]

1. d4 d5 2. Nf3 e6 3. c4 c6 4. cxd5 exd5 5. Bg5 Qb6 6. Qc2 h6 7. Bf4 Ne7 8. Bd6
Bf5 9. Qd2 Na6 10. Nc3 Qd8 11. Ba3 b5 12. Nd1 b4 13. Bxb4 Nxb4 14. Qxb4 Ng6 15.
Qd2 Bd6 16. Rc1 Rb8 17. a3 Qb6 18. e3 O-O 19. Bd3 Be4 20. Bxe4 dxe4 21. Ng1 Nh4
22. g3 Nf5 23. Ne2 Rfe8 24. O-O c5 25. dxc5 Bxc5 26. Qd5 Bxe3 27. fxe3 Nxe3 28.
Qxf7+ Kh8 29. Nxe3 Qxe3+ 30. Qf2 Qd2 31. b4 e3 32. Qe1 Qb2 33. Rf7 Qxa3 34.
Rcc7 Rg8 35. Rxa7 Qxb4 36. Qxb4 Rxb4 37. Kg2 Rb2 38. Kf3 Kh7 39. Kxe3 Re8+ 40.
Rae7 Rxe7+ 41. Rxe7 Kg6 42. Nf4+ Kf6 43. Re6+ Kf7 44. Rc6 Rxh2 45. Ke4 g5 46.
Nd5 Re2+ 47. Kf5 Rf2+ 48. Kg4 Rh2 49. Ne3 Kg7 50. Nf5+ Kh7 51. Rc7+ Kg6 52.
Rc6+ Kh7 53. Kf3 h5 54. Rh6+ Kg8 55. Ke4 Kf7 56. g4 h4 57. Ne3 Ra2 58. Nd5 Kg7
59. Rf6 h3 60. Rf3 h2 61. Rh3 Ra4+ 62. Kf3 Ra3+ 63. Ne3 Ra2 64. Kg3 Kf6 65.
Rxh2 Ra3 66. Rf2+ Kg6 67. Kf3 Ra4 68. Rc2 Rf4+ 69. Kg3 Rf6 70. Rc5 Re6 71. Kf3
Rf6+ 72. Nf5 Rb6 73. Rc6+ 1-0

[Event "Malaga op-13"]
[Site "Malaga"]
[Date "2010.02.23"]
[Round "5.41"]
[White "Charro Calvo, Jesus"]
[Black "Candamil Neira, Gabriel Alfonso"]
[Result "1-0"]
[WhiteElo "1729"]
[BlackElo "1955"]
[PlyCount "45"]
[EventDate "2010.02.20"]

1. e4 c5 2. Nf3 Nc6 3. d4 cxd4 4. Nxd4 Nf6 5. Nc3 e5 6. Ndb5 d6 7. Bg5 a6 8.
Na3 b5 9. Nd5 Be7 10. Bxf6 Bxf6 11. c3 O-O 12. Nc2 Bg5 13. h4 Be7 14. Nce3 f5
15. exf5 Bxf5 16. Nxf5 Rxf5 17. Bd3 e4 18. Bxe4 Re5 19. Qd3 Rc8 20. O-O-O h6
21. f4 Re6 22. Bh7+ Kh8 23. Bf5 1-0

[Event "Malaga op-13"]
[Site "Malaga"]
[Date "2010.02.23"]
[Round "5.42"]
[White "Canamero Corredera, Jose Antoni"]
[Black "Fournier, Manuel"]
[Result "1/2-1/2"]
[WhiteElo "1662"]
[BlackElo "1935"]
[PlyCount "82"]
[EventDate "2010.02.20"]

1. d4 d5 2. Nf3 Nf6 3. Bf4 Bf5 4. e3 c6 5. c3 Qb6 6. Qb3 Qxb3 7. axb3 Nbd7 8.
h3 h6 9. Nbd2 e6 10. b4 Be7 11. Be2 O-O 12. O-O Ne4 13. Nxe4 Bxe4 14. Nd2 Bh7
15. Nb3 Bd8 16. b5 Bb6 17. Na5 Bxa5 18. Rxa5 cxb5 19. Bxb5 Nf6 20. f3 Rfc8 21.
Rc1 Bg6 22. b3 a6 23. Be2 Kf8 24. c4 Ke7 25. Be5 Ne8 26. c5 f6 27. Bg3 Kd7 28.
b4 Nc7 29. Rca1 Rab8 30. Bxc7 Kxc7 31. b5 axb5 32. Bxb5 Be8 33. Bxe8 Rxe8 34.
Rb5 Ra8 35. Rab1 Rab8 36. Rb6 e5 37. dxe5 fxe5 38. Rg6 Re7 39. Rgb6 Ree8 40.
Rg6 Re7 41. Rgb6 Ree8 1/2-1/2

[Event "Malaga op-13"]
[Site "Malaga"]
[Date "2010.02.23"]
[Round "5.43"]
[White "Moreno Cervera, Jose Luis"]
[Black "Alba Atencia, Jose Antonio"]
[Result "1-0"]
[WhiteElo "1929"]
[BlackElo "1745"]
[PlyCount "101"]
[EventDate "2010.02.20"]

1. d4 Nf6 2. Bf4 d6 3. e3 g6 4. Nf3 Bg7 5. Be2 O-O 6. O-O b6 7. h3 Bb7 8. Nbd2
Nbd7 9. a4 a5 10. c3 Re8 11. Bb5 c6 12. Be2 e5 13. Bh2 e4 14. Ne1 d5 15. c4 Ba6
16. Rc1 Rc8 17. Nc2 c5 18. b3 Nb8 19. Nb1 Nc6 20. cxd5 Bxe2 21. Qxe2 Qxd5 22.
dxc5 bxc5 23. Qb5 Bf8 24. Rfd1 Qe6 25. Nc3 Red8 26. Na3 Nd5 27. Nxd5 Rxd5 28.
Rxd5 Qxd5 29. Qc4 Qd3 30. Qxd3 exd3 31. Nc4 Rd8 32. Bc7 Rd7 33. Bxa5 Nxa5 34.
Nxa5 d2 35. Rd1 Bg7 36. Kf1 Bc3 37. Nc4 Rb7 38. Nxd2 Bxd2 39. Rxd2 Rxb3 40. Ra2
Rb7 41. a5 Kf8 42. a6 Ra7 43. Ke2 Ke7 44. Kd3 Kd6 45. Kc4 Kc6 46. e4 f6 47. f4
h5 48. e5 fxe5 49. fxe5 h4 50. Rd2 Kc7 51. Rd6 1-0

[Event "Malaga op-13"]
[Site "Malaga"]
[Date "2010.02.23"]
[Round "5.44"]
[White "Brown, David"]
[Black "Perez Guerra, Alberto"]
[Result "1/2-1/2"]
[WhiteElo "1918"]
[BlackElo "1670"]
[PlyCount "85"]
[EventDate "2010.02.20"]

1. e4 e6 2. d4 d5 3. exd5 exd5 4. Nf3 Nf6 5. Bd3 Bd6 6. O-O O-O 7. c3 Bg4 8.
Bg5 Nbd7 9. Nbd2 c6 10. Qc2 Qc7 11. Bh4 Rae8 12. Rae1 Bh5 13. Bg3 Bxg3 14. hxg3
Bg6 15. Bxg6 hxg6 16. Qd3 Qd6 17. Rxe8 Rxe8 18. Re1 Rxe1+ 19. Nxe1 Qe6 20. Kf1
Kf8 21. Qe2 Qxe2+ 22. Kxe2 Ke7 23. Nd3 Ne8 24. Nf3 f6 25. Nd2 Nd6 26. Nb3 Nc4
27. Nd2 Nxd2 28. Kxd2 Ke6 29. Ke3 Kf5 30. f3 g5 31. g4+ Ke6 32. g3 g6 33. f4 b6
34. Kf3 a5 35. Ke3 Nb8 36. fxg5 fxg5 37. Ne5 c5 38. b3 Nd7 39. Nxd7 Kxd7 40.
dxc5 bxc5 41. a3 Kc6 42. Kd3 Kb5 43. a4+ 1/2-1/2

[Event "Malaga op-13"]
[Site "Malaga"]
[Date "2010.02.23"]
[Round "5.45"]
[White "Girela Sarrion, Manuel"]
[Black "Yanez Acin, Gonzalo"]
[Result "1-0"]
[WhiteElo "1571"]
[BlackElo "1910"]
[PlyCount "87"]
[EventDate "2010.02.20"]

1. e4 Nf6 2. e5 Nd5 3. c4 Nb6 4. d4 d6 5. exd6 exd6 6. Nf3 Be7 7. Be3 Bg4 8.
Nbd2 Nc6 9. a3 a5 10. Qc2 Bh5 11. Bd3 Bg6 12. Bxg6 hxg6 13. d5 Ne5 14. Nxe5
dxe5 15. Bxb6 cxb6 16. O-O Bc5 17. Ne4 Qh4 18. h3 O-O 19. Nxc5 bxc5 20. Rfe1
Rfe8 21. Re4 Qe7 22. f4 Qd6 23. Rae1 f6 24. Qc3 a4 25. fxe5 fxe5 26. Rxe5 Rf8
27. Re7 Rf7 28. Rxf7 Kxf7 29. Qf3+ Qf6 30. Qxf6+ gxf6 31. Re6 Rd8 32. Kf2 b5
33. Rc6 Ke7 34. Rxc5 bxc4 35. Rc7+ Kd6 36. Rxc4 Ke5 37. Rxa4 Rxd5 38. Ke3 f5
39. h4 Rc5 40. Rd4 Rc1 41. Rd2 f4+ 42. Kf3 Rf1+ 43. Rf2 Re1 44. Re2+ 1-0

[Event "Malaga op-13"]
[Site "Malaga"]
[Date "2010.02.24"]
[Round "6.2"]
[White "Korneev, Oleg"]
[Black "Berbatov, Kiprian"]
[Result "0-1"]
[WhiteElo "2573"]
[BlackElo "2455"]
[PlyCount "66"]
[EventDate "2010.02.20"]

1. e4 c5 2. Nf3 d6 3. d4 cxd4 4. Nxd4 Nf6 5. Nc3 a6 6. Bg5 e6 7. f4 Be7 8. Qf3
Qc7 9. O-O-O Nbd7 10. g4 b5 11. Bxf6 gxf6 12. Bg2 b4 13. Nd5 exd5 14. exd5 O-O
15. Rhe1 Re8 16. Rd3 Bb7 17. Rde3 Ne5 18. fxe5 fxe5 19. Nc6 Bg5 20. Kb1 Bxc6
21. dxc6 d5 22. Rb3 e4 23. Qd1 Qxc6 24. Rxb4 Rab8 25. Rb3 a5 26. Qd4 Bf6 27.
Qa7 Rxb3 28. axb3 Ra8 29. Qf2 a4 30. Rf1 axb3 31. cxb3 Qa6 32. Qxf6 Qd3+ 33.
Kc1 Ra1# 0-1

[Event "Malaga op-13"]
[Site "Malaga"]
[Date "2010.02.24"]
[Round "6.3"]
[White "Matamoros Franco, Carlos S"]
[Black "Arribas Lopez, Angel"]
[Result "1-0"]
[WhiteElo "2545"]
[BlackElo "2441"]
[PlyCount "125"]
[EventDate "2010.02.20"]

1. Nf3 c5 2. c4 g6 3. g3 Bg7 4. Bg2 Nc6 5. Nc3 e5 6. a3 Nge7 7. Rb1 f5 8. O-O
d6 9. d3 h6 10. Bd2 Be6 11. b4 Qd7 12. Na4 cxb4 13. axb4 O-O 14. b5 Nd8 15. c5
d5 16. d4 e4 17. Ne5 Bxe5 18. dxe5 f4 19. Bxf4 g5 20. Bc1 Bf5 21. Ba3 Rf7 22.
Qb3 Ng6 23. Rbd1 Be6 24. Qb1 Qc7 25. Nc3 Rd7 26. c6 bxc6 27. Bd6 Qa5 28. bxc6
Rxd6 29. exd6 Qxc3 30. c7 Rc8 31. cxd8=Q+ Rxd8 32. Qa1 Qxa1 33. Rxa1 Rxd6 34.
Rxa7 Rd7 35. Rxd7 Bxd7 36. f3 exf3 37. Rxf3 Ne7 38. Rf6 Kg7 39. Rd6 Bb5 40. Kf2
Bc4 41. g4 Bb3 42. e3 Ba2 43. Ke1 Bb3 44. Kd2 Ba2 45. Kc3 Bc4 46. Bf3 Ba2 47.
Kd4 Bc4 48. Bxd5 Nxd5 49. Rxd5 Be2 50. h3 Bf1 51. Ke5 Bxh3 52. Rd7+ Kg6 53.
Rd6+ Kf7 54. Kf5 h5 55. Rd7+ Ke8 56. Rg7 Bxg4+ 57. Kxg5 Kf8 58. Kf6 Bf3 59. Rg3
Bc6 60. Rh3 Be8 61. e4 Kg8 62. e5 Kh7 63. e6 1-0

[Event "Malaga op-13"]
[Site "Malaga"]
[Date "2010.02.24"]
[Round "6.4"]
[White "Bellon Lopez, Juan Manuel"]
[Black "Strikovic, Aleksa"]
[Result "0-1"]
[WhiteElo "2440"]
[BlackElo "2531"]
[PlyCount "72"]
[EventDate "2010.02.20"]

1. d4 d6 2. c4 e5 3. Nf3 e4 4. Ng5 f5 5. Nc3 Nf6 6. e3 g6 7. Be2 Bg7 8. Bd2 O-O
9. Qb3 h6 10. Nh3 g5 11. Ng1 c6 12. h4 g4 13. g3 c5 14. dxc5 dxc5 15. Nd5 Nbd7
16. Bc3 Nxd5 17. cxd5 Bxc3+ 18. Qxc3 Qf6 19. Qxf6 Rxf6 20. Rc1 b6 21. Bc4 Ne5
22. b3 Bd7 23. Rc2 Rd6 24. Bf1 Kg7 25. Kd1 Rxd5+ 26. Rd2 Rxd2+ 27. Kxd2 Rd8 28.
Ne2 Bb5+ 29. Kc2 Nf3 30. Nc3 Rd2+ 31. Kc1 Bd3 32. Bxd3 exd3 33. Kb1 Rc2 34. Nd1
Nd2+ 35. Ka1 Ne4 36. Kb1 b5 0-1

[Event "Malaga op-13"]
[Site "Malaga"]
[Date "2010.02.24"]
[Round "6.6"]
[White "Rodriguez Lopez, Rafael"]
[Black "Carlsson, Pontus"]
[Result "0-1"]
[WhiteElo "2314"]
[BlackElo "2476"]
[PlyCount "120"]
[EventDate "2010.02.20"]

1. e4 c5 2. Nf3 d6 3. d4 cxd4 4. Nxd4 Nf6 5. Nc3 g6 6. Be2 Bg7 7. O-O O-O 8.
Nb3 a6 9. a4 Nc6 10. Bg5 Be6 11. Kh1 Na5 12. Nd4 Bc4 13. Bxc4 Nxc4 14. b3 Ne5
15. f3 h6 16. Be3 Qa5 17. Qd2 Rfd8 18. Rad1 Rac8 19. Nd5 Qxd2 20. Rxd2 Nxd5 21.
exd5 Rc3 22. Re2 Nd7 23. Bg1 Kf8 24. Rfe1 Bf6 25. f4 Rdc8 26. Re4 Nc5 27. R4e2
Nd7 28. Re4 h5 29. g3 Nc5 30. R4e2 Nd7 31. Re4 Ke8 32. Bf2 Kf8 33. Kg1 Nc5 34.
R4e2 Nd7 35. Re4 R8c5 36. Ne2 Rxc2 37. Bxc5 Nxc5 38. Rc4 Rb2 39. Nc1 b5 40.
axb5 axb5 41. Rxc5 dxc5 42. Rd1 Ke8 43. Kf1 Rxh2 44. Nd3 Bd4 45. b4 c4 46. Nc5
Rh1+ 47. Ke2 Rh2+ 48. Kf3 Bc3 49. Na6 Kd7 50. Rc1 Bb2 51. Re1 c3 52. Nc5+ Kd6
53. Nd3 Rd2 54. Ke3 Kxd5 55. Nxb2 Rxb2 56. Kd3 c2 57. Re5+ Kd6 58. Kd2 Rxb4 59.
Kxc2 h4 60. gxh4 Rxf4 0-1

[Event "Malaga op-13"]
[Site "Malaga"]
[Date "2010.02.24"]
[Round "6.7"]
[White "Colovic, Aleksander"]
[Black "Fenollar Jorda, Manuel"]
[Result "0-1"]
[WhiteElo "2464"]
[BlackElo "2328"]
[PlyCount "92"]
[EventDate "2010.02.20"]

1. e4 e5 2. Nf3 Nc6 3. Bb5 a6 4. Ba4 Nf6 5. O-O b5 6. Bb3 Bc5 7. a4 Rb8 8. c3
d6 9. d4 Bb6 10. axb5 axb5 11. Qd3 O-O 12. Bg5 h6 13. Bxf6 Qxf6 14. Qxb5 Ne7
15. dxe5 dxe5 16. Qxe5 Qxe5 17. Nxe5 Bxf2+ 18. Rxf2 Rxb3 19. Na3 Re8 20. Nd3
Ng6 21. Nc5 Rb8 22. Nc4 Be6 23. Ne3 Ne5 24. Ra7 c6 25. Rd2 Rbd8 26. Rd4 Ra8 27.
Rxa8 Rxa8 28. Kf2 Kf8 29. Ke2 Ra2 30. Rb4 Ke7 31. Nd3 Nxd3 32. Kxd3 Ra1 33. e5
Kd7 34. Rd4+ Kc7 35. Rf4 Kd7 36. b4 Rb1 37. Rf2 g6 38. Kd4 Re1 39. Rb2 Kc7 40.
g3 h5 41. Ng2 Rc1 42. Nf4 Bf5 43. Rf2 Re1 44. Rd2 Rc1 45. Ke3 g5 46. Ng2 Kb7 {
ilegible} 0-1

[Event "Malaga op-13"]
[Site "Malaga"]
[Date "2010.02.24"]
[Round "6.9"]
[White "Karim, Ismael"]
[Black "Serna Lara, Sergio"]
[Result "1-0"]
[WhiteElo "2386"]
[BlackElo "2263"]
[PlyCount "109"]
[EventDate "2010.02.20"]

1. d4 d5 2. Nf3 Nf6 3. c4 c6 4. e3 Bg4 5. Nc3 e6 6. Qb3 Qb6 7. Nh4 Nbd7 8. h3
Bh5 9. g4 Bg6 10. Nxg6 hxg6 11. Bg2 Be7 12. Bd2 Rc8 13. c5 Qxb3 14. axb3 a6 15.
f4 Ng8 16. b4 f5 17. Kd1 Ngf6 18. g5 Nh5 19. Be1 Kf7 20. Bf2 Bd8 21. Kc2 Bc7
22. Ne2 Nb8 23. Rhc1 Nd7 24. Bg1 Nb8 25. Bh2 Nd7 26. Nc3 Bd8 27. Ra2 Nb8 28.
Rca1 Re8 29. Bf1 Rh8 30. Kd2 Bc7 31. Ke2 Bd8 32. Kf3 Re8 33. Bg1 Re7 34. Bf2
Re8 35. Be1 Re7 36. Ne2 Re8 37. Nc1 Bc7 38. Nd3 Re7 39. Bc3 Ree8 40. Be2 Rh8
41. Kf2 Ke7 42. Bd2 Kf7 43. Rc1 Rhe8 44. Rca1 Re7 45. Rg1 Rh8 46. Rc1 Rc8 47.
b3 Rh8 48. b5 cxb5 49. c6 Nxc6 50. Rxc6 bxc6 51. Rxa6 Rb8 52. Bb4 Rd7 53. Rxc6
Rb7 54. Rc2 Bb8 55. Rc8 1-0

[Event "Malaga op-13"]
[Site "Malaga"]
[Date "2010.02.24"]
[Round "6.10"]
[White "Fernandez Garcia, Jose Miguel"]
[Black "Quillan, Gary"]
[Result "0-1"]
[WhiteElo "2225"]
[BlackElo "2364"]
[PlyCount "84"]
[EventDate "2010.02.20"]

1. Nf3 Nf6 2. c4 e6 3. d4 c5 4. Nc3 cxd4 5. Nxd4 Bb4 6. Nc2 Bxc3+ 7. bxc3 Qa5
8. Qd3 O-O 9. Ba3 Re8 10. Bb4 Qa4 11. Bd6 e5 12. e4 Re6 13. Ba3 b6 14. f3 Ba6
15. Bc1 Nc6 16. Bg5 Na5 17. Ne3 Rc8 18. Bxf6 Rxf6 19. Qd1 Qa3 20. Nd5 Re6 21.
Qc2 Nxc4 22. Be2 Bb7 23. Qb3 Qc5 24. Bxc4 Qxc4 25. Rd1 Qc5 26. Rd3 Ba6 27. Rd2
Bc4 28. Qc2 Bxd5 29. Rxd5 Qe3+ 30. Qe2 Qc5 31. Rd1 Qxc3+ 32. Kf2 Qc5+ 33. Kg3
Rg6+ 34. Kh3 Rh6+ 35. Kg3 Rg6+ 36. Kh3 Qe7 37. g3 Rd6 38. Rxd6 Qxd6 39. Rd1
Qe6+ 40. Kg2 Rc5 41. Qd2 h6 42. g4 Ra5 0-1

[Event "Malaga op-13"]
[Site "Malaga"]
[Date "2010.02.24"]
[Round "6.11"]
[White "Rodriguez Perez, Angel Mariano"]
[Black "Munoz Moreno, Francisco Javier"]
[Result "0-1"]
[WhiteElo "2089"]
[BlackElo "2295"]
[PlyCount "138"]
[EventDate "2010.02.20"]

1. e4 c5 2. Nf3 d6 3. d4 Nf6 4. Nc3 cxd4 5. Nxd4 a6 6. Bd3 e5 7. Nb3 Be7 8. O-O
O-O 9. Kh1 Nbd7 10. f4 b5 11. a3 Bb7 12. Be3 Rc8 13. Qe1 Re8 14. f5 d5 15. exd5
e4 16. Be2 Bxd5 17. Rd1 Bc4 18. Nd4 b4 19. Bxc4 Rxc4 20. axb4 Bxb4 21. Qe2 Qc8
22. Na2 Bf8 23. c3 Rc7 24. c4 Nc5 25. Bg5 Ncd7 26. Be3 h6 27. g4 Ne5 28. g5
hxg5 29. Bxg5 Nh7 30. Bf4 Bc5 31. Qxe4 Nxc4 32. Ne6 Rce7 33. Qxc4 fxe6 34. fxe6
Rxe6 35. b4 Bf8 36. Qxc8 Rxc8 37. Rc1 Rec6 38. Rxc6 Rxc6 39. Rc1 Rxc1+ 40. Bxc1
Kf7 41. Bd2 Ke6 42. Kg2 Kd5 43. Kf3 Nf6 44. Kf4 Kc4 45. Be1 Nd5+ 46. Kf5 Nxb4
47. Nc1 Bc5 48. Kg6 Bd4 49. h4 a5 50. Na2 Nc6 51. Bxa5 Nxa5 52. Nc1 Nc6 53. Ne2
Bf6 54. h5 Ne5+ 55. Kh7 Kd5 56. Nf4+ Kd6 57. Ng6 Ng4 58. Nf4 Ke5 59. Ng6+ Kf5
60. Nf8 Ne5 61. Kg8 Nd3 62. Kh7 Nf4 63. h6 g5 64. Kg8 g4 65. h7 Ng6 66. Nd7 Bd4
67. Nb8 g3 68. Nc6 Bc3 69. Kf7 g2 0-1

[Event "Malaga op-13"]
[Site "Malaga"]
[Date "2010.02.24"]
[Round "6.12"]
[White "Lopez Gonzalez, Daniel"]
[Black "Camacho Collados, Marcos"]
[Result "1/2-1/2"]
[WhiteElo "2202"]
[BlackElo "2284"]
[PlyCount "114"]
[EventDate "2010.02.20"]

1. d4 Nf6 2. c4 g6 3. Nc3 Bg7 4. e4 d6 5. Be2 O-O 6. Nf3 Na6 7. O-O e5 8. Be3
Ng4 9. Bg5 Qe8 10. dxe5 dxe5 11. h3 f6 12. Bd2 Nh6 13. c5 Nxc5 14. Qc1 Nf7 15.
Nd5 Ne6 16. Nxc7 Nxc7 17. Qxc7 Nd8 18. Rfc1 Rf7 19. Qc3 Be6 20. Be3 Bf8 21. a3
b6 22. b4 Nb7 23. Nd2 Nd6 24. Qb2 Rc8 25. f3 Rfc7 26. Ba6 Rxc1+ 27. Rxc1 Rxc1+
28. Qxc1 Qd7 29. Bf1 Nb5 30. Bc4 Nd4 31. Bxe6+ Nxe6 32. Qc4 Kf7 33. Kf2 f5 34.
Ke2 Be7 35. exf5 gxf5 36. g4 f4 37. Bf2 Kg7 38. Qd3 Qc6 39. Nc4 Qb5 40. Nd2 Qc6
41. Qe4 Qb5+ 42. Qc4 Qd7 43. h4 Nc7 44. Qd3 Qe6 45. Qc4 Nd5 46. Ne4 a5 47. Nc3
Nxc3+ 48. Qxc3 axb4 49. axb4 Kf7 50. Qc7 Kg8 51. Bxb6 e4 52. Qb8+ Bf8 53. Bc5
Qc4+ 54. Kd1 Qd3+ 55. Kc1 Qa3+ 56. Kb1 Qb3+ 57. Kc1 Qc3+ 1/2-1/2

[Event "Malaga op-13"]
[Site "Malaga"]
[Date "2010.02.24"]
[Round "6.13"]
[White "Terron Elena, Francisco Miguel"]
[Black "Gutierrez Castillo, Paloma"]
[Result "1/2-1/2"]
[WhiteElo "2278"]
[BlackElo "2161"]
[PlyCount "41"]
[EventDate "2010.02.20"]

1. c4 Nf6 2. Nf3 g6 3. Nc3 Bg7 4. e4 d6 5. d4 O-O 6. Be2 e5 7. O-O Nc6 8. d5
Ne7 9. b4 Nd7 10. Nd2 f5 11. a4 Nf6 12. f3 f4 13. g4 fxg3 14. hxg3 Nh5 15. Kg2
Kh8 16. c5 Ng8 17. Nc4 a6 18. cxd6 cxd6 19. a5 Nf4+ 20. gxf4 exf4 21. Rf2 {=}
1/2-1/2